000 00656nam a2200217Ia 4500
003 IN-BaIIA
008 211028s9999 xx 000 0 eng d
020 _a90-277-1037-6
040 _cIIA Library
080 _a082.2:52
_bIAU-S89
100 _aTengstrom, Erik
_911178
245 0 _aRefractional influences in astrometry and geodesy
_cErik Tengstrom, G Teleki andĀ Ingegerd Ohlsson
260 _aDordrecht
_bD. Reidel Publishing
_c1979
300 _axxiv, 394p.
650 _aAstrometry
650 _aAstronomy and Astrophysics Thesaurus
650 _aGeodesy
700 _aOhlsson Ingegerd
_911179
700 _aTeleki, George
_911180
942 _cBK
999 _c6530
_d6530